000 00512nam a2200181Ia 4500
008 151202s9999||||xx |||||||||||||| ||und||
082 _bPNVM-41596
100 _aSWAMI SATYANANDA SARASWATI.
245 _aASANA PRANAYAMA MUDRA BANDHA.
260 _bSWAMY SATYANANDA SWRASWATI.
260 _c0
300 _a403
600 _aSWAMI SATYANANDA SARASWATI.
630 _aASANA PRANAYAMA MUDRA BANDHA.
700 _aSWAMI SATYANANDA SARASWATI.
730 _aASANA PRANAYAMA MUDRA BANDHA.
942 _cBOOK
999 _c1307548
_d1307545